| 000 | 00648nam a2200217 a 4500 | ||
|---|---|---|---|
| 003 | PILC | ||
| 005 | 20150112093431.0 | ||
| 008 | 100716s19uu xx 00 eng d | ||
| 020 | _a0070549931 | ||
| 050 |
_aHB 172.5 _b.Sa255 1995 |
||
| 082 |
_aESF 338.5 _bSa4 1995 |
||
| 100 |
_aSamuelson, Paul A. _910156 |
||
| 245 |
_aMicroeconomics / _cPaul A. Samuelson, William D. Nordhaus |
||
| 250 | _a15th ed. | ||
| 260 |
_aNew York : _bMcGraw-Hill, Inc, _c1995. |
||
| 300 |
_a500 pages : _billustration ; _c26 cm. |
||
| 650 |
_aMicroeconomics _910539 |
||
| 700 |
_aNordhaus, William D. _99797 |
||
| 700 |
_aMandel, Michael J. _910547 |
||
| 942 |
_2lcc _cBK |
||
| 999 |
_c14369 _d14369 |
||